|
|
|
|
| LEADER |
00000nam0a2200000 4500 |
| 001 |
189163 |
| 005 |
20231101224205.0 |
| 010 |
|
|
|a 9785898467753
|
| 035 |
|
|
|a (RuTPU)RU\TPU\book\205540
|
| 090 |
|
|
|a 189163
|
| 100 |
|
|
|a 20101221d2008 k y0rusy50 ca
|
| 101 |
0 |
|
|a rus
|
| 102 |
|
|
|a RU
|
| 105 |
|
|
|a a z 001zy
|
| 200 |
1 |
|
|a Стохастическая динамика эффекта каналирования в кристаллах и нанотрубках
|f В. П. Кощеев, Д. А. Моргун, Т. А. Панина
|g Сургутский государственный университет (СурГУ); Ханты-Мансийский автономный округ (ХМАО), Департамент образования и науки
|
| 210 |
|
|
|a Ханты-Мансийск
|c Полиграфист
|d 2008
|
| 215 |
|
|
|a 100 с.
|c ил.
|
| 320 |
|
|
|a Библиогр.: с. 97-99.
|
| 330 |
|
|
|a В монографии рассмотрены вопросы теории движения и излучения пучков быстрых заряженных частиц в прямых и изогнутых кристаллах. Изложение ведется в рамках кинетического и лапжевеновского подходов, основу последнего составляют классические уравнения движения с флуктуирующими параметрами. Источниками флуктаций являются тепловые колебания атомов кристалла и квантовые флуктуации местоположения атомных электронов.
|
| 606 |
1 |
|
|a Твердые тела
|x Действие ионизирующих излучений
|2 stltpush
|3 (RuTPU)RU\TPU\subj\58640
|
| 606 |
1 |
|
|a Кристаллы
|x Действие ионизирующих излучений
|2 stltpush
|3 (RuTPU)RU\TPU\subj\66375
|9 82538
|
| 610 |
1 |
|
|a каналирование
|
| 610 |
1 |
|
|a нанотрубки
|
| 610 |
1 |
|
|a стохастическая динамика
|
| 610 |
1 |
|
|a быстрые заряженные частицы
|
| 610 |
1 |
|
|a деполяризация
|
| 610 |
1 |
|
|a релятивистские электроны
|
| 610 |
1 |
|
|a спектральная интенсивность
|
| 610 |
1 |
|
|a моделирование
|
| 675 |
|
|
|a 539.2:539.1
|v 3
|
| 675 |
|
|
|a 548.0:539
|v 3
|
| 700 |
|
1 |
|a Кощеев
|b В. П.
|
| 701 |
|
1 |
|a Моргун
|b Д. А.
|
| 701 |
|
1 |
|a Панина
|b Т. А.
|
| 712 |
0 |
2 |
|a Сургутский государственный университет (СурГУ)
|2 stltpush
|3 (RuTPU)RU\TPU\col\3446
|
| 712 |
0 |
1 |
|a Ханты-Мансийский автономный округ (ХМАО)
|b Департамент образования и науки
|2 stltpush
|3 (RuTPU)RU\TPU\col\3769
|
| 801 |
|
1 |
|a RU
|b 63413507
|c 20101221
|
| 801 |
|
2 |
|a RU
|b 63413507
|c 20200622
|g RCR
|
| 942 |
|
|
|c BK
|